| 000 -LEADER |
| fixed length control field |
00345nam a2200109Ia 4500 |
| 008 - FIXED-LENGTH DATA ELEMENTS--GENERAL INFORMATION |
| fixed length control field |
200302s9999 xx 000 0 und d |
| 100 ## - MAIN ENTRY--PERSONAL NAME |
| Personal name |
Leon Glicksman and Juintow Lin |
| 245 ## - TITLE STATEMENT |
| Title |
Sustainable Urban Housing in China Principles and Case Studies for Low- Energy Design |
| 260 ## - PUBLICATION, DISTRIBUTION, ETC. |
| Name of publisher, distributor, etc. |
Springer Verlag Berlin Heielberg |
| 260 ## - PUBLICATION, DISTRIBUTION, ETC. |
| Date of publication, distribution, etc. |
2006 |
| 300 ## - PHYSICAL DESCRIPTION |
| Extent |
267 |